Word Ladder: Impossible Feat Quiz Stats

 Plays Quiz Updated Nov 10, 2012

Support Sporcle.
Go Orange.
Score 0/8 Timer 01:30
0 Plays Today
HINT WORD % Correct
Window shadeBLIND
98.5%
American rock band _____-182BLINK
95.1%
Emulate a skunk, perhapsSTINK
92.9%
TowheadedBLOND
89.8%
Move furtivelySLINK
89.1%
'Goosebumps' creatorSTINE
88.6%
◆ Plasma ◆◆ BLOOD ◆
88.5%
◆ Sly and the Family _____◆ STONE ◆
80.6%

Today's Daily Dose

Missing Word
'80s Musicals

Word Ladder
Hereditary

Get the Picture
Food Names

From the Vault

US Presidents Birth State Minefield

by bazmerelda

History 8m
It goes to show that politics are really a state of mine.
Remove Ads.
Support Sporcle.
Get the best of Sporcle when you Go Orange. This ad-free experience offers more features, more stats, and more fun while also helping to support Sporcle. Thank you for becoming a member.

Show Comments

Extras

Top Quizzes Today


Score Distribution

Your Account Isn't Verified!

In order to create a playlist on Sporcle, you need to verify the email address you used during registration. Go to your Sporcle Settings to finish the process.

Report this User

Report this user for behavior that violates our Community Guidelines.

Details: